00222nam a22000857a 4500100002700000245004900027260002600076300000700102650002700109 aWickramasinghe,W.M.R.S aReduction of CO2 Towards useful Applications aColombobIchemcc2012 a19 aReduction of CO2a2012